What really matters : (Record no. 128692)
[ view plain ]
| 000 -LEADER | |
|---|---|
| fixed length control field | 03053cam a22003857i 4500 |
| 001 - CONTROL NUMBER | |
| control field | 20646961 |
| 003 - CONTROL NUMBER IDENTIFIER | |
| control field | ARRUPE |
| 005 - DATE AND TIME OF LATEST TRANSACTION | |
| control field | 20181204085302.0 |
| 008 - FIXED-LENGTH DATA ELEMENTS--GENERAL INFORMATION | |
| fixed length control field | 180827s2018 oru b 000 0 eng d |
| 010 ## - LIBRARY OF CONGRESS CONTROL NUMBER | |
| LC control number | 2018302122 |
| 020 ## - INTERNATIONAL STANDARD BOOK NUMBER | |
| International Standard Book Number | 9781532618116 |
| Qualifying information | paperback |
| 020 ## - INTERNATIONAL STANDARD BOOK NUMBER | |
| International Standard Book Number | 1532618115 |
| Qualifying information | paperback |
| 035 ## - SYSTEM CONTROL NUMBER | |
| System control number | (OCoLC)on1018461189 |
| 040 ## - CATALOGING SOURCE | |
| Original cataloging agency | YDX |
| Language of cataloging | eng |
| Transcribing agency | YDX |
| Description conventions | rda |
| Modifying agency | PTS |
| -- | YDX |
| -- | OCLCO |
| -- | DLC |
| 042 ## - AUTHENTICATION CODE | |
| Authentication code | lccopycat |
| 050 00 - LIBRARY OF CONGRESS CALL NUMBER | |
| Classification number | BV600.3 |
| Item number | .W4 2018 |
| 300 ## - PHYSICAL DESCRIPTION | |
| Other physical details | Illustrations ; |
| Dimensions | 23 cm |
| 245 00 - TITLE STATEMENT | |
| Title | What really matters : |
| Remainder of title | Scandinavian perspectives on ecclesiology and ethnography / |
| Statement of responsibility, etc | Jonas Ideström and Tone Stangeland Kaufman, editors. Foreword by Christian Scharen. |
| 260 ## - PUBLICATION, DISTRIBUTION, ETC. (IMPRINT) | |
| Place of publication, distribution, etc | Eugene, Oregon |
| Name of publisher, distributor, etc | Pickwick Publications |
| Date of publication, distribution, etc | 2018 |
| 300 ## - PHYSICAL DESCRIPTION | |
| Extent | xv, 293 pages : |
| 490 1# - SERIES STATEMENT | |
| Series statement | Church of Sweden research series |
| Volume number/sequential designation | v17 |
| 504 ## - BIBLIOGRAPHY, ETC. NOTE | |
| Bibliography, etc | Includes bibliographical references (pages 273-293). |
| 505 0# - FORMATTED CONTENTS NOTE | |
| Formatted contents note | The Scandinavian ecclesial context / Kirsten Donskov Felter, Ninna Edgardh, and Tron Fagermoen -- Mapping the landscape of Scandinavian research in ecclesiology and ethnography : contributions and challenges / Tone Stangeland Kaufman -- Making data speak : the shortage of theory for the analysis of qualitative data in practical theology / Knut Tveitereid -- Faithful participation : engagement and transformation in ethnographic ecclesiology / Jonas Ideström -- Reflexivity : a relational and prophetic practice / Eileen R. Campbell-Reed -- To walk in ways that might make us feel lost / Natalie Wigg-Stevenson -- Office and/or calling? : negotiating normativity in the field of ministry / Kirsten Donskov Felter -- How do we break out of "the old paradigmatic box" / Marianne Gaarden -- Where we belong : family as an overlooked interspace in the passing on of Christian tradition in twenty-first century Sweden / Ninna Edgardh -- Is theology what really matters? / Pete Ward -- The researcher as gamemaker-response / Jonas Ideström and Tone Stangeland Kaufman -- Trying to tell the truth about a life-the problem of representation for ethnographic theology / Natalie Wigg-Stevenson -- The enacted and experienced faith-creating "stuff" on Baptist spirituality in Sweden / Sune Fahlgren -- Ethnography, representation, and digital media / Tim Hutchings -- Choice of interpretation and representation : reflections on power, ethics, and normativity / Kristina Helgesson Kjellin -- Dilemmas of representation : response / Eileen R. Campbell-Reed. |
| 650 ## - SUBJECT ADDED ENTRY--TOPICAL TERM | |
| Topical term or geographic name as entry element | Ethnology |
| Geographic subdivision | Europe, Northern |
| 9 (RLIN) | 43739 |
| 650 ## - SUBJECT ADDED ENTRY--TOPICAL TERM | |
| Topical term or geographic name as entry element | Ethnology |
| General subdivision | Religious aspects |
| -- | Christianity |
| 9 (RLIN) | 43740 |
| 650 ## - SUBJECT ADDED ENTRY--TOPICAL TERM | |
| Topical term or geographic name as entry element | Christianity |
| Geographic subdivision | Europe, Northern |
| 9 (RLIN) | 43741 |
| 700 1# - ADDED ENTRY--PERSONAL NAME | |
| Personal name | Ideström, Jonas, |
| Relator term | editor. |
| 9 (RLIN) | 43742 |
| 700 1# - ADDED ENTRY--PERSONAL NAME | |
| Personal name | Kaufman, Tone Stangeland, |
| Relator term | editor |
| 9 (RLIN) | 37493 |
| 700 1# - ADDED ENTRY--PERSONAL NAME | |
| Personal name | Scharen, Christian, |
| Dates associated with a name | 1966- |
| Relator term | writer of foreword. |
| 9 (RLIN) | 43743 |
| 830 #0 - SERIES ADDED ENTRY--UNIFORM TITLE | |
| Uniform title | Research series (Svenska kyrkan) |
| 9 (RLIN) | 43744 |
| 906 ## - LOCAL DATA ELEMENT F, LDF (RLIN) | |
| a | 7 |
| b | cbc |
| c | copycat |
| d | 2 |
| e | ncip |
| f | 20 |
| g | y-gencatlg |
| 942 ## - ADDED ENTRY ELEMENTS (KOHA) | |
| Source of classification or shelving scheme | Library of Congress Classification |
| Koha item type | Monograph ( Printed materials) |
| Withdrawn status | Lost status | Source of classification or shelving scheme | Damaged status | Not for loan | Collection code | Home library | Current library | Shelving location | Date acquired | Total Checkouts | Full call number | Barcode | Date last seen | Price effective from | Koha item type |
|---|---|---|---|---|---|---|---|---|---|---|---|---|---|---|---|
| Library of Congress Classification | Main Collection | ARRUPE LIBRARY | ARRUPE LIBRARY | Main Collection | 04/12/2018 | BV600.3 .W4 2018 | 46600002711 | 04/12/2018 | 04/12/2018 | Monograph ( Printed materials) |